| 000 | 00322pab a2200109 454500 | ||
|---|---|---|---|
| 008 | 180718b xxu||||| |||| 00| 0 eng d | ||
| 100 | _aChapman, Ralph | ||
| 245 | _aManaging a hot environmental policy issue: the climate change debate | ||
| 650 | _aEnvironmental Policy - New Zealand | ||
| 773 | _aPublic Sector | ||
| 909 | _a21346 | ||
| 999 |
_c21346 _d21346 |
||